Why science matters : Understanding the methods of psychological research (Record no. 1388142)

MARC details
000 -LEADER
fixed length control field 00717nam a2200229Ia 4500
005 - DATE AND TIME OF LATEST TRANSACTION
control field 20250508164303.0
008 - FIXED-LENGTH DATA ELEMENTS--GENERAL INFORMATION
fixed length control field 008 250505s9999 xx 000 0 eng d
020 ## - INTERNATIONAL STANDARD BOOK NUMBER
International Standard Book Number 1-4051-3049-0; 978-1-4051-3357-9
037 ## - SOURCE OF ACQUISITION
Stock number TextBook
040 ## - CATALOGING SOURCE
Original cataloging agency FEDL
Language of cataloging eng
Transcribing agency FEDL
041 ## - LANGUAGE CODE
Language code of text/sound track or separate title eng
Source of code eng
084 ## - COLON CLASSIFICATION NUMBER
Classification number 001.42, PRO
Assigning agency FEDL
100 ## - MAIN ENTRY--PERSONAL NAME
Personal name Proctor Robert W
245 #0 - TITLE STATEMENT
Title Why science matters : Understanding the methods of psychological research
260 ## - PUBLICATION, DISTRIBUTION, ETC.
Place of publication, distribution, etc. Malden, USA
Name of publisher, distributor, etc. Blackwell
Date of publication, distribution, etc. 2006
300 ## - PHYSICAL DESCRIPTION
Extent xii,229p
365 ## - TRADE PRICE
Price type code GBP
Price amount 19.99
650 ## - SUBJECT ADDED ENTRY--TOPICAL TERM
Topical term or geographic name entry element Research-Education; Psychology-Research Methodology
9 (RLIN) 777836
700 ## - ADDED ENTRY--PERSONAL NAME
Personal name Capaldi E J
9 (RLIN) 777837
942 ## - ADDED ENTRY ELEMENTS (KOHA)
Koha item type Textbook
Classification part 001.42, PRO
Holdings
Withdrawn status Lost status Damaged status Not for loan Home library Current library Date acquired Cost, normal purchase price Total Checkouts Full call number Barcode Date last seen Price effective from Koha item type
        Department of Education Library Department of Education Library 2025-05-08 19.99   001.42, PRO EL0081767 2025-05-08 2025-05-08 Textbook
Copyright @ Delhi University Library System